000 00469nam a22001457a 4500
005 20180111151510.0
008 180111b xxu||||| |||| 00| 0 eng d
040 _cPK-LaUMT
082 _aPKAC 320.95491
_bKHU-J
100 _aKhurshid Ahmed
245 _aJamhooraiat ka almia fauji qyadat ki azmaish(جمہوریت کا المیہ فوجی قیادت کی آزمایش(
_cKhurshid Ahmed
260 _aلاہور:
_bمنشورات،
_c[ ]
300 _a32
942 _cBK
999 _c101545
_d101545